Измерение расхода жидкости соплами Вентури. Проектирование, расчет, нормали и технические указания на изготовление и монтаж сопел Вентури

Dades bibliogràfiques
Autor principal: Чейшвили В. Л.
Idioma:rus
Publicat: Москва, [Б. и.], 1959
Matèries:
Format: MixedMaterials Llibre
KOHA link:https://koha.lib.tpu.ru/cgi-bin/koha/opac-detail.pl?biblionumber=106080

MARC

LEADER 00000nam0a2200000 4500
001 106080
005 20231031114744.0
035 |a (RuTPU)RU\TPU\book\114475 
090 |a 106080 
100 |a 20061130d1959 km y0rusy50 ca 
101 0 |a rus 
102 |a RU 
105 |a a z 000zy 
200 1 |a Измерение расхода жидкости соплами Вентури. Проектирование, расчет, нормали и технические указания на изготовление и монтаж сопел Вентури 
210 |a Москва  |c [Б. и.]  |d 1959 
215 |a 65 с.  |c ил. 
610 1 |a проектирование 
610 1 |a расчет 
610 1 |a нормали 
610 1 |a указания 
610 1 |a жидкость 
610 1 |a расход 
610 1 |a основные уравнения 
675 |a 681.121  |v 3 
700 1 |a Чейшвили  |b В. Л. 
801 1 |a RU  |b 63413507  |c 20061130  |g PSBO 
801 2 |a RU  |b 63413507  |c 20070917  |g PSBO 
942 |c BK